000 00678nas a2200241 4500
001 BR0901372
003 BR-BrBNA
005 20231205113213.0
007 ta
008 230509b bl.|||p| |||| 00| 00por d
040 _aBR-BrBNA
_bpor
_cBiblioteca Nacional de Agricultura
041 _a(Pt)
072 _aL02
100 1 _aNepomuceno, J.C.
245 1 _aDieta e câncer: vitaminas e antioxidantes.
650 _aDIETA
650 _aCÂNCER
650 _aVITAMINA
650 _aANTIOXIDANTE
773 0 _tBioscience Journal (Brazil)
_xISSN 1516-3725
_g(Jan-Apr 2005), v. 21(1) p. 141-146
_wBR0901372
909 _a202311
_bLúcia
_c55
_dLúcia Elande
942 _2AGRIS
_n0
_cANA
999 _c202448
_d202448